书目信息 |
| 题名: |
硅可控整流器及其应用
|
|
| 作者: | ;上海市轻工业局电子技术训练班 编 | |
| 分册: | ||
| 出版信息: | 上海 上海市出版革命组 1970 |
|
| 页数: | 98页 | |
| 开本: | 19cm | |
| 丛书名: | ||
| 单 册: | ||
| 中图分类: | TN342 | |
| 科图分类: | ||
| 主题词: | 可控硅整流器--应用 , 晶闸管 , 可控硅 | |
| 电子资源: | ||
| ISBN: | ||
| 000 | 00717nam0 2200241 45 980 | |
| 001 | 0639757919 | |
| 005 | 20060804110335.57 | |
| 010 | @dCNY0.24 | |
| 100 | @a19970628d1970 em y0chiy0121 ea | |
| 101 | 0 | @achi |
| 102 | @aCN@b310000 | |
| 105 | @afk z 000yy | |
| 106 | @ar | |
| 200 | 10 | @a硅可控整流器及其应用@Agui ke kong zheng liu qi ji qi ying yong@f上海市轻工业局电子技术训练班编 |
| 210 | @a上海@c上海市出版革命组@d1970 | |
| 215 | @a98页@c表,图@d19cm | |
| 606 | @a可控硅整流器@x应用 | |
| 606 | 0 | @a晶闸管 |
| 606 | 0 | @a可控硅 |
| 690 | @aTN342@v3 | |
| 711 | 02 | @a上海市轻工业局电子技术训练班@4编@Ashang hai shi qing gong ye ju dian zi ji shu xun lian ban |
| 801 | 0 | @c20060804 |
| 905 | @a10447@dTN342@e19 | |
| 硅可控整流器及其应用/上海市轻工业局电子技术训练班编 .-上海:上海市出版革命组,1970 |
| 98页:表,图;19cm |
| ISBN :CNY0.24 |
| ● |
| 相关链接 |
|
|
|
|
正题名:硅可控整流器及其应用
索取号:TN342/19
 
预约/预借
| 序号 | 登录号 | 条形码 | 馆藏地/架位号 | 状态 | 备注 |
| 1 | 0439726 | 204397269 | 密集书库/ [索取号:TN342/19] | 在馆 |